[Event "SVM_Regionalliga_2023-24"]
[Site "?"]
[Date "2024.01.14"]
[Round "6.1"]
[White "Klemenz, Luca"]
[Black "Karimi, Farhad"]
[Result "1/2-1/2"]
[WhiteElo "2041"]
[BlackElo "2069"]
[PlyCount "103"]
[EventDate "2024.01.14"]
[SourceDate "2024.01.14"]
[WhiteTeam "Klub Kölner SF 3"]
[BlackTeam "Satranç Club 1"]

1. d4 Nf6 2. c4 e6 3. Nc3 Bb4 4. e3 O-O 5. Bd3 b6 6. Nge2 Bb7 7. a3 Bxc3+ 8.
Nxc3 d5 9. cxd5 exd5 10. b4 c5 11. bxc5 bxc5 12. O-O c4 13. Bc2 Nbd7 14. Bb2
Qe7 15. Qe2 Rac8 16. f3 Rfe8 17. Rae1 Qd6 18. Qd2 Qb6 19. Bb1 Rb8 20. Re2 Bc6
21. Rfe1 Nf8 22. Kh1 Ne6 23. Rd1 {(=)} Nf4 24. Rf2 Ng6 25. Re1 Rb7 26. Bc1 Rbe7
27. Rfe2 Qb7 28. Bc2 Nh4 29. Rf1 h6 30. Qe1 Ng6 31. Qf2 Qc7 32. Rfe1 Qa5 33.
Bd2 Qxa3 34. e4 Qb2 35. Bb1 dxe4 36. fxe4 Qb7 37. e5 Nd5 38. Ne4 Nc7 39. Nd6
Qb8 40. Nxe8 Qxe8 41. Bb4 Re6 42. Bd6 Nb5 43. Bf5 Bd5 44. Bxe6 fxe6 45. Bc5 Ne7
46. Rb2 Nf5 47. Rc2 Qg6 48. Rec1 Qg4 49. Qe2 Qh4 50. Qf2 Qg4 51. Qe2 Qh4 52.
Qf2 1/2-1/2

[Event "SVM_Regionalliga_2023-24"]
[Site "?"]
[Date "2024.01.14"]
[Round "6.2"]
[White "Manay, Güven"]
[Black "Meyer, Emil"]
[Result "1-0"]
[WhiteElo "1865"]
[BlackElo "2013"]
[PlyCount "59"]
[EventDate "2024.01.14"]
[SourceDate "2024.01.14"]
[WhiteTeam "Satranç Club 1"]
[BlackTeam "Klub Kölner SF 3"]

1. d4 d5 2. Bf4 Nf6 3. e3 e6 4. Bd3 c5 5. c3 Qb6 6. Qe2 Bd7 7. dxc5 Bxc5 8. Nf3
O-O 9. O-O Re8 10. Ne5 Nc6 11. b4 Bf8 12. Nd2 a6 13. Ndf3 Nxe5 14. Nxe5 Bb5 15.
h3 {(=)} Rac8 16. Rfc1 Ne4 17. c4 f6 18. cxb5 fxe5 19. Bxe5 Bxb4 20. Qg4 g6 21.
bxa6 bxa6 22. Bxe4 dxe4 23. Rxc8 Rxc8 24. Qxe4 Bd6 25. Bd4 Qc6 26. Qxe6+ Kf8
27. Qf6+ Ke8 28. Rd1 Qc7 29. Qe6+ Qe7 30. Qxc8+ 1-0

[Event "SVM_Regionalliga_2023-24"]
[Site "?"]
[Date "2024.01.14"]
[Round "6.3"]
[White "Terwagne, Bertrand"]
[Black "Schüler, Hans-Ulrich"]
[Result "1/2-1/2"]
[WhiteElo "1903"]
[BlackElo "1927"]
[PlyCount "38"]
[EventDate "2024.01.14"]
[SourceDate "2024.01.14"]
[WhiteTeam "Klub Kölner SF 3"]
[BlackTeam "Satranç Club 1"]

1. e4 e6 2. d4 d5 3. Nd2 c5 4. exd5 Qxd5 5. Ngf3 cxd4 6. Bc4 Qd8 7. Nb3 Bb4+ 8.
Bd2 Bxd2+ 9. Qxd2 Nc6 10. Nbxd4 Nxd4 11. Nxd4 a6 12. a4 Nf6 13. O-O Bd7 14. Qb4
Qc7 15. Rfe1 O-O-O 16. Nf3 Bc6 17. Ne5 Nd5 18. Qc5 Be8 19. Qa7 Qb8 1/2-1/2

[Event "SVM_Regionalliga_2023-24"]
[Site "?"]
[Date "2024.01.14"]
[Round "6.4"]
[White "Proba, Stefan"]
[Black "Röttgen, Jürgen"]
[Result "1/2-1/2"]
[WhiteElo "1895"]
[BlackElo "1953"]
[PlyCount "109"]
[EventDate "2024.01.14"]
[SourceDate "2024.01.14"]
[WhiteTeam "Satranç Club 1"]
[BlackTeam "Klub Kölner SF 3"]

1. d4 d5 2. Nf3 c6 3. c4 Nf6 4. e3 Bf5 5. Be2 e6 6. O-O Bd6 7. b3 a5 8. Bb2
Nbd7 9. Nbd2 O-O 10. Ne5 Ne4 11. Nxe4 Bxe4 12. Nxd7 Qxd7 13. Bd3 f5 14. f3 Bxd3
15. Qxd3 Qc7 16. f4 Qe7 17. c5 Bc7 18. Bc3 h6 19. g3 g5 20. Rf2 Rf6 21. Rg2 g4
22. a3 Rg6 23. Qd1 Qh7 24. b4 h5 25. Be1 a4 26. Rb1 Bd8 27. b5 Qd7 28. bxc6
Qxc6 29. Rgb2 Rg7 30. Qe2 Ra7 31. Qb5 Qxb5 32. Rxb5 Rd7 33. Rc1 Kf7 34. Kg2 Ke7
35. h3 Rc7 36. Ba5 Rc6 37. Bxd8+ Kxd8 38. hxg4 hxg4 39. Rh1 Kc7 40. Rh7+ Kc8
41. Re7 Rca6 42. Rb1 b6 43. Rxa7 Rxa7 44. Rxb6 Kd7 45. Rb8 Kc7 46. Rb4 Ra8 47.
Rb6 Kd7 48. Rb7+ Kc6 49. Rb1 Kc7 50. Rb6 Kd7 51. Kg1 Ra5 52. Kf2 Ra8 53. Rb7+
Kd8 54. Kg2 Kc8 55. Rb6 {Schwarz hat mit der Ankündigung, Kd7 ausführen zu
wollen, Remis wegen dreimaliger Stellungswiederholung reklamiert} 1/2-1/2

[Event "SVM_Regionalliga_2023-24"]
[Site "?"]
[Date "2024.01.14"]
[Round "6.5"]
[White "Graf, Peter"]
[Black "Langen, Dirk"]
[Result "1-0"]
[WhiteElo "1909"]
[BlackElo "1759"]
[PlyCount "101"]
[EventDate "2024.01.14"]
[SourceDate "2024.01.14"]
[WhiteTeam "Klub Kölner SF 3"]
[BlackTeam "Satranç Club 1"]

1. e4 d6 2. Nc3 Nd7 3. f4 g6 4. Nf3 Bg7 5. Bc4 h6 6. O-O e6 7. d3 Ne7 8. Qe1
O-O 9. Be3 a6 10. a4 c6 11. d4 d5 12. Bd3 f5 13. e5 Kf7 14. a5 Qc7 15. Na4 Re8
16. Qd2 Ng8 {(=)} 17. b3 Bf8 18. c4 Rb8 19. c5 Be7 20. Kh1 Nf8 21. Rg1 Bd8 22.
b4 Nh7 23. g4 Ne7 24. Qg2 Rg8 25. Qh3 Kg7 26. Nh4 Qd7 27. Rg3 Nf8 28. Rag1 Kh7
29. Qg2 Qe8 30. Rh3 Qf7 31. Nf3 Kg7 32. Bf2 fxg4 33. Qxg4 Nf5 34. Nh4 Kh7 35.
Nc3 g5 36. Nxf5 exf5 37. Be3 Rg6 38. Qh5 g4 39. Rhg3 Kg7 40. h3 gxh3 41. Rxg6+
Nxg6 42. Ne2 h2 43. Kxh2 Kh7 44. Ng3 Be7 45. Nxf5 Bxf5 46. Bxf5 Rg8 47. Bb1 Bf8
48. Rg5 Be7 49. f5 Bxg5 50. Bxg5 Qg7 51. fxg6+ 1-0

[Event "SVM_Regionalliga_2023-24"]
[Site "?"]
[Date "2024.01.14"]
[Round "6.6"]
[White "Rublack, Valentin"]
[Black "Richter, Götz"]
[Result "1-0"]
[WhiteElo "1647"]
[BlackElo "1896"]
[PlyCount "55"]
[EventDate "2024.01.14"]
[SourceDate "2024.01.14"]
[WhiteTeam "Satranç Club 1"]
[BlackTeam "Klub Kölner SF 3"]

1. d4 Nf6 2. Bf4 c5 3. e3 Qb6 4. b3 e6 5. c3 Be7 6. Bd3 cxd4 7. exd4 Nc6 8. Nf3
d6 9. O-O h6 10. Nbd2 Nd5 11. Nc4 Qc7 12. Bd2 Bf6 13. Re1 Bd7 14. a4 Rc8 15.
Rc1 Nce7 16. Qe2 Ng6 17. Bxg6 fxg6 18. Qe4 Kf7 19. Nh4 Ne7 20. Bf4 Nf5 21. Nxg6
Rhd8 22. g4 Kxg6 23. Nxd6 Bc6 24. gxf5+ Kh7 25. Qxe6 Ra8 26. Bg3 Qb6 27. Be5
Bg5 28. Qg6+ 1-0

[Event "SVM_Regionalliga_2023-24"]
[Site "?"]
[Date "2024.01.14"]
[Round "6.8"]
[White "Kyritsis, Lazaros"]
[Black "Ye, Philipp"]
[Result "0-1"]
[WhiteElo "1591"]
[BlackElo "1793"]
[PlyCount "62"]
[EventDate "2024.01.14"]
[SourceDate "2024.01.14"]
[WhiteTeam "Satranç Club 1"]
[BlackTeam "Klub Kölner SF 3"]

1. e4 c6 2. d4 d5 3. f3 dxe4 4. fxe4 e5 5. Nf3 Bg4 6. Bc4 Nd7 7. O-O Ngf6 8.
Qd3 Bxf3 9. Rxf3 exd4 10. Bf4 Qe7 11. Nd2 O-O-O 12. Qxd4 Nb6 13. Qc3 Rxd2 14.
Bxd2 Qc5+ 15. Be3 Qxc4 16. Qxc4 Nxc4 17. Bd4 Nd2 18. Rf4 Ndxe4 19. Bxa7 Bc5+
20. Bxc5 Nxc5 21. Re1 Ne6 22. Ra4 Kc7 23. Re3 Rd8 24. Re2 Rd7 25. c3 Nc5 26.
Rc4 Ne6 27. a4 Rd5 28. b4 Rd3 29. Rc2 Nd5 30. Rc1 Rd2 31. g3 Ng5 0-1

[Event "SVM_Regionalliga_2023-24"]
[Site "?"]
[Date "2024.01.14"]
[Round "6.1"]
[White "Borriss, Martin"]
[Black "Bosbach, Stefan"]
[Result "1-0"]
[WhiteElo "2391"]
[BlackElo "2010"]
[PlyCount "37"]
[EventDate "2024.01.14"]
[SourceDate "2024.01.14"]
[WhiteTeam "SG Siebengebirge 1"]
[BlackTeam "Bergische SF 1"]

1. e4 e6 2. d4 d5 3. Nc3 dxe4 4. Nxe4 Nf6 5. Nxf6+ Qxf6 6. Nf3 h6 7. Be3 Nd7 8.
Qd2 Nb6 9. c4 Bd7 10. Ne5 O-O-O 11. Be2 Be8 12. O-O Qe7 13. a4 f6 14. a5 Na8
15. Nd3 Kb8 16. Qc3 g5 17. Nc5 f5 18. f4 Bg7 19. Qb4 1-0

[Event "SVM_Regionalliga_2023-24"]
[Site "?"]
[Date "2024.01.14"]
[Round "6.2"]
[White "Gelsok, Philipp"]
[Black "Richter, Dirk"]
[Result "1-0"]
[WhiteElo "2044"]
[BlackElo "2052"]
[PlyCount "79"]
[EventDate "2024.01.14"]
[SourceDate "2024.01.14"]
[WhiteTeam "Bergische SF 1"]
[BlackTeam "SG Siebengebirge 1"]

1. e4 c5 2. Nf3 d6 3. d4 cxd4 4. Nxd4 Nf6 5. Nc3 a6 6. h3 e6 7. g4 d5 8. exd5
Nxd5 9. Nde2 Nxc3 10. Qxd8+ Kxd8 11. Nxc3 Bd7 12. Be3 Bc6 13. O-O-O+ Nd7 14.
Rg1 Bb4 15. Ne2 Ke7 16. Nd4 Bd5 17. a3 Bc5 18. Nf5+ Kf6 19. f4 Bxe3+ 20. Nxe3
Bc6 21. Bg2 Bxg2 22. Rxd7 Bc6 23. g5+ Kg6 24. f5+ Kh5 25. Rxf7 exf5 26. Rxg7
Raf8 27. g6 Kh6 28. gxh7 Rf6 29. R7g5 Be4 30. h4 Rxh7 31. Nf1 f4 32. Nh2 Bf5
33. Nf3 Rc7 34. c3 Re7 35. Kd2 Re3 36. Nd4 Bg6 37. Rxg6+ Rxg6 38. Nf5+ Kh5 39.
Rxg6 Kxg6 40. Nxe3 1-0

[Event "SVM_Regionalliga_2023-24"]
[Site "?"]
[Date "2024.01.14"]
[Round "6.3"]
[White "Borriss, Benjamin"]
[Black "Harringer, Manfred"]
[Result "0-1"]
[WhiteElo "1881"]
[BlackElo "1978"]
[PlyCount "112"]
[EventDate "2024.01.14"]
[SourceDate "2024.01.14"]
[WhiteTeam "SG Siebengebirge 1"]
[BlackTeam "Bergische SF 1"]

1. d4 Nf6 2. c4 e6 3. Nc3 Bb4 4. Qc2 d5 5. a3 Bxc3+ 6. bxc3 O-O 7. Nf3 c5 8. e3
Qc7 9. Bd3 dxc4 10. Bxc4 Nc6 11. O-O b6 12. a4 Na5 13. Be2 Bb7 14. Ba3 Rfd8 15.
Rac1 Be4 16. Bd3 Bxd3 17. Qxd3 Qc6 18. Qb5 Qxb5 19. axb5 Nc4 20. Ra1 Ne4 21.
Rfc1 a6 22. bxa6 Rxa6 23. Bb2 Rxa1 24. Bxa1 Ra8 25. Rd1 f6 26. Ne1 Ra2 27. Nd3
Kf7 28. h4 Ke7 29. h5 g5 30. Rb1 Ned2 31. Rd1 Nb3 32. dxc5 bxc5 33. Kf1 Rxa1
34. Rxa1 Nxa1 35. Nxc5 Nc2 36. Ke2 N2a3 37. f4 Nb5 38. Kd3 Nbd6 39. g4 h6 40.
Na4 Na5 41. Nb6 Nab7 42. Kd4 Nb5+ 43. Kc4 N7d6+ 44. Kb4 Nc7 45. c4 Na6+ 46. Kc3
Nc5 47. Kd4 Ndb7 48. fxg5 fxg5 49. Ke5 Nd6 50. Kd4 Nd7 51. c5 Nxb6 52. cxb6 Nb7
53. Ke5 Nd8 54. Kd4 Kd6 55. Kc4 Kc6 56. Kd4 Nf7 0-1

[Event "SVM_Regionalliga_2023-24"]
[Site "?"]
[Date "2024.01.14"]
[Round "6.4"]
[White "Heckötter, Christian"]
[Black "Schild, Willi"]
[Result "1/2-1/2"]
[WhiteElo "1948"]
[BlackElo "1857"]
[PlyCount "73"]
[EventDate "2024.01.14"]
[SourceDate "2024.01.14"]
[WhiteTeam "Bergische SF 1"]
[BlackTeam "SG Siebengebirge 1"]

1. d4 d5 2. Nf3 Nf6 3. e3 Bg4 4. c4 c6 5. Qb3 Qb6 6. c5 Qc7 7. Ne5 Bf5 8. Nc3
e6 9. Be2 h6 10. O-O Nbd7 11. f4 Nxe5 12. fxe5 Ne4 13. Nxe4 Bxe4 14. Bh5 g6 15.
Bf3 Bxf3 16. Rxf3 Bg7 17. Bd2 O-O 18. Raf1 Rab8 19. Qd3 Qd7 20. b4 a6 21. a4
Ra8 22. Be1 Qe7 23. Rh3 f5 24. exf6 Rxf6 25. Rxf6 Qxf6 26. Rf3 Qg5 27. Bg3 Rf8
28. Rxf8+ Kxf8 29. b5 axb5 30. axb5 Qf5 31. Qb3 Qf7 32. bxc6 bxc6 33. Qb8+ Qe8
34. Bd6+ Kf7 35. Qc7+ Kg8 36. h3 Bf6 37. Be5 1/2-1/2

[Event "SVM_Regionalliga_2023-24"]
[Site "?"]
[Date "2024.01.14"]
[Round "6.5"]
[White "Fast, Hartmut"]
[Black "Thelen, Harm-Wulf"]
[Result "1/2-1/2"]
[WhiteElo "1863"]
[BlackElo "1960"]
[PlyCount "84"]
[EventDate "2024.01.14"]
[SourceDate "2024.01.14"]
[WhiteTeam "SG Siebengebirge 1"]
[BlackTeam "Bergische SF 1"]

1. e4 e6 2. d4 d5 3. Nc3 Bb4 4. e5 Ne7 5. a3 Bxc3+ 6. bxc3 c5 7. Nf3 Bd7 8. a4
Qa5 9. Bd2 c4 10. Qb1 Nbc6 11. Be2 O-O 12. O-O Rab8 13. h4 b5 14. axb5 Qxb5 15.
Qxb5 Rxb5 16. Rfb1 Rfb8 17. Rxb5 Rxb5 18. Bc1 a5 19. Nd2 Rb7 20. Ba3 Kf8 21. h5
h6 22. g4 f6 23. f4 Kf7 24. g5 Nf5 25. g6+ Kg8 26. Kf2 a4 27. Rb1 Rxb1 28. Nxb1
fxe5 29. fxe5 Nfe7 30. Bc5 Kf8 31. Na3 Nb8 32. Nb1 Ke8 33. Bg4 Na6 34. Ba3 Nc7
35. Bb2 Nb5 36. Na3 Nxa3 37. Bxa3 Nc6 38. Ke2 Na7 39. Kd2 Nb5 40. Bb4 Bc8 41.
Kc1 Bd7 42. Kb2 Bc8 {(=)} 1/2-1/2

[Event "SVM_Regionalliga_2023-24"]
[Site "?"]
[Date "2024.01.14"]
[Round "6.6"]
[White "Müller, Andreas"]
[Black "Borriss, Claudia"]
[Result "0-1"]
[WhiteElo "1775"]
[BlackElo "1950"]
[PlyCount "28"]
[EventDate "2024.01.14"]
[SourceDate "2024.01.14"]
[WhiteTeam "Bergische SF 1"]
[BlackTeam "SG Siebengebirge 1"]

1. e4 c5 2. Nf3 d6 3. d4 cxd4 4. Nxd4 Nf6 5. Nc3 a6 6. Bg5 e6 7. f4 Nc6 8. Nxc6
bxc6 9. e5 h6 10. Bh4 g5 11. fxg5 Nd5 12. Ne4 Qb6 13. Nf6+ Nxf6 14. Bf2 Qa5+
0-1

[Event "SVM_Regionalliga_2023-24"]
[Site "?"]
[Date "2024.01.14"]
[Round "6.7"]
[White "Anderton, Philip"]
[Black "Schmitt, Karl"]
[Result "1/2-1/2"]
[WhiteElo "1828"]
[BlackElo "1741"]
[PlyCount "154"]
[EventDate "2024.01.14"]
[SourceDate "2024.01.14"]
[WhiteTeam "SG Siebengebirge 1"]
[BlackTeam "Bergische SF 1"]

1. d4 d6 2. Nf3 g6 3. c4 Bg7 4. Nc3 Nd7 5. g3 c6 6. Bg2 e5 7. O-O Ne7 8. e4 O-O
9. Re1 Qc7 10. Bg5 f6 11. Bd2 a6 12. d5 cxd5 13. Nxd5 Nxd5 14. cxd5 b5 15. Rc1
Qb8 16. Ba5 Ra7 17. Qd2 Nb6 18. Bxb6 Qxb6 19. Rc6 Qb8 20. Qa5 Bb7 21. Rc7 Bc8
22. Rec1 Rxc7 23. Rxc7 Rf7 24. Rxf7 Kxf7 25. Qd8 Qb7 26. Qxd6 Qe7 27. Qb6 Bf8
28. Nd2 Qc5 29. Qxc5 Bxc5 30. Kf1 Bd4 31. b3 Bc3 32. Ke2 Ke7 33. Kd3 Ba5 34. f4
Kd6 35. Nf3 Bd8 36. b4 g5 37. fxe5+ fxe5 38. Nd2 h6 39. Bf3 Bb6 40. Bh5 Bg1 41.
Nf3 Bf2 42. g4 Bb6 43. h3 a5 44. a3 axb4 45. axb4 Bd7 46. Bg6 Bc7 47. Nd2 Bb6
48. Nb3 Bf2 49. Na5 Be1 50. Nb7+ Kc7 51. Nc5 Bc8 52. Bf5 Bxb4 53. Nb3 Bb7 54.
Nc1 Bd6 55. Ne2 b4 56. Ng3 Ba6+ 57. Kc2 Bc4 58. Be6 Kb6 59. Bd7 Ka5 60. Bc6 Bc5
61. Nf5 Kb6 62. Ba4 Bf1 63. Nxh6 Bxh3 64. Nf7 Bxg4 65. Nxe5 Bc8 66. Bd7 Ba6 67.
Bg4 Be7 68. Kb3 Bb5 69. Bf3 Kc5 70. Nf7 Bc4+ 71. Kb2 Bf6+ 72. e5 Bg7 73. d6 Be6
74. Bd1 Bd7 75. Bb3 g4 76. Kc2 Bxe5 77. Nxe5 Kxd6 {(=)} 1/2-1/2

[Event "SVM_Regionalliga_2023-24"]
[Site "?"]
[Date "2024.01.14"]
[Round "6.8"]
[White "Gutt, Stefan"]
[Black "Delekat, Julian"]
[Result "1-0"]
[WhiteElo "1824"]
[BlackElo "1630"]
[PlyCount "81"]
[EventDate "2024.01.14"]
[SourceDate "2024.01.14"]
[WhiteTeam "Bergische SF 1"]
[BlackTeam "SG Siebengebirge 1"]

1. d4 Nf6 2. Nf3 d5 3. e3 e6 4. Bd3 Be7 5. Nbd2 O-O 6. O-O c5 7. c3 Nbd7 8. Qe2
a6 9. e4 dxe4 10. Nxe4 Nxe4 11. Qxe4 Nf6 12. Qh4 g6 13. Bg5 Nd5 14. Bxe7 Qxe7
15. Qxe7 Nxe7 16. dxc5 Bd7 17. Ne5 Rfd8 18. Be4 Nc6 19. Nc4 f5 20. Bf3 e5 21.
Bxc6 Bxc6 22. Nxe5 Rd2 23. Nc4 Rd5 24. b4 Bb5 25. Ne3 Rd3 26. c4 Ba4 27. Nd5
Rd8 28. Rfe1 Kf8 29. Nf4 Rc3 30. Ne6+ Ke7 31. Nxd8+ Kxd8 32. Rac1 Ra3 33. Re2
Rd3 34. f3 Rd4 35. Kf2 Be8 36. Ke3 Rd7 37. Rd2 Rxd2 38. Kxd2 Bc6 39. Ke3 Ke7
40. Rd1 Ba4 41. Rd4 1-0

[Event "SVM_Regionalliga_2023-24"]
[Site "?"]
[Date "2024.01.14"]
[Round "6.1"]
[White "Reinöhl, Christian"]
[Black "Riemland, Arnold"]
[Result "0-1"]
[WhiteElo "2130"]
[BlackElo "2151"]
[PlyCount "54"]
[EventDate "2024.01.14"]
[SourceDate "2024.01.14"]
[WhiteTeam "SK Troisdorf 1"]
[BlackTeam "SG Kalker/Deutzer 1"]

1. e4 e6 2. d4 d5 3. Nc3 dxe4 4. Nxe4 Nd7 5. Nf3 Ngf6 6. Nxf6+ Nxf6 7. Bd3 Be7
8. Bg5 b6 9. Qe2 Bb7 10. O-O-O h6 11. Bh4 O-O 12. Kb1 c5 13. dxc5 Qc7 14. Ne5
Rad8 15. c6 Bxc6 16. Nxc6 Qxc6 17. g4 Rd4 18. f3 Rfd8 19. Bf2 Rf4 20. Be3 Rxf3
21. Rhg1 e5 22. g5 hxg5 23. Bxg5 e4 24. Bxf6 exd3 25. Rxg7+ Kh8 26. Rg8+ Kxg8
27. Qg2+ Kf8 0-1

[Event "SVM_Regionalliga_2023-24"]
[Site "?"]
[Date "2024.01.14"]
[Round "6.2"]
[White "Lunnebach, Oliver"]
[Black "Schwarz, Andreas"]
[Result "0-1"]
[WhiteElo "2149"]
[BlackElo "2134"]
[PlyCount "60"]
[EventDate "2024.01.14"]
[SourceDate "2024.01.14"]
[WhiteTeam "SG Kalker/Deutzer 1"]
[BlackTeam "SK Troisdorf 1"]

1. d4 Nf6 2. Nf3 g6 3. c4 Bg7 4. Nc3 d5 5. Bf4 O-O 6. e3 c5 7. dxc5 Qa5 8. Nd2
dxc4 9. Bxc4 Qxc5 10. Qe2 Nh5 11. O-O Nxf4 12. exf4 Nc6 13. Nb3 Qf5 14. Bb5 Be6
15. Qe3 Nb4 16. Qc5 Nxa2 17. Nxa2 Bxb3 18. Qb4 Be6 19. Rfd1 a5 20. Qa4 Bxb2 21.
Rab1 Bf6 22. Bd3 Qh5 23. Be4 Rfd8 24. Bf3 Bg4 25. Rxd8+ Rxd8 26. Bxb7 Rd1+ 27.
Rxd1 Bxd1 28. Qe8+ Kg7 29. h3 Bb3 30. Bf3 Qc5 0-1

[Event "SVM_Regionalliga_2023-24"]
[Site "?"]
[Date "2024.01.14"]
[Round "6.3"]
[White "Fuß, Jean-Pierre"]
[Black "Gerdau, Andreas"]
[Result "1/2-1/2"]
[WhiteElo "2014"]
[BlackElo "1896"]
[PlyCount "52"]
[EventDate "2024.01.14"]
[SourceDate "2024.01.14"]
[WhiteTeam "SK Troisdorf 1"]
[BlackTeam "SG Kalker/Deutzer 1"]

1. d4 d5 2. c4 c6 3. cxd5 cxd5 4. Nc3 Nc6 5. Bf4 a6 6. Nf3 Nf6 7. e3 e6 8. Bd3
h6 9. O-O Bd6 10. Bxd6 Qxd6 11. Rc1 O-O 12. Na4 e5 13. dxe5 Nxe5 14. Nxe5 Qxe5
15. Nb6 Rb8 16. Qc2 Be6 17. b3 Ng4 18. Qc7 Rfd8 19. Qxe5 Nxe5 20. Rfd1 Kf8 21.
Be2 Rd6 22. Na4 b5 23. Nc5 Nd7 24. Ne4 Rdb6 25. Nc3 Nf6 26. Bf3 Rc6 1/2-1/2

[Event "SVM_Regionalliga_2023-24"]
[Site "?"]
[Date "2024.01.14"]
[Round "6.4"]
[White "Schwark, Mario"]
[Black "Keßler, Ulrich"]
[Result "1-0"]
[WhiteElo "1847"]
[BlackElo "1943"]
[PlyCount "69"]
[EventDate "2024.01.14"]
[SourceDate "2024.01.14"]
[WhiteTeam "SG Kalker/Deutzer 1"]
[BlackTeam "SK Troisdorf 1"]

1. d4 Nf6 2. Nf3 g6 3. c4 Bg7 4. Nc3 d5 5. g3 c6 6. cxd5 cxd5 7. Bg2 O-O 8. Ne5
Nbd7 9. f4 Nb6 10. O-O Bf5 11. e3 Rc8 12. g4 Be4 13. Nxe4 Nxe4 14. b3 Nd7 15.
Bb2 Nxe5 16. fxe5 Bh6 17. Qd3 Qa5 18. Bxe4 dxe4 19. Qe2 Rc6 20. Qf2 Qa6 21. d5
Qd3 22. Bd4 Rc2 23. Qg3 Qb5 24. d6 exd6 25. exd6 Rd2 26. Rf5 Qd7 27. Rf2 Rxf2
28. Kxf2 f5 29. g5 Bg7 30. Bxg7 Qxg7 31. Rd1 Rd8 32. d7 Qe7 33. Qc7 Qxg5 34.
Rc1 Qe7 35. Qxd8+ 1-0

[Event "SVM_Regionalliga_2023-24"]
[Site "?"]
[Date "2024.01.14"]
[Round "6.5"]
[White "Both, David"]
[Black "Arlt, Klaus"]
[Result "1/2-1/2"]
[WhiteElo "1940"]
[BlackElo "1923"]
[PlyCount "40"]
[EventDate "2024.01.14"]
[SourceDate "2024.01.14"]
[WhiteTeam "SK Troisdorf 1"]
[BlackTeam "SG Kalker/Deutzer 1"]

1. c4 e6 2. Nf3 d5 3. d4 c6 4. Qc2 Nf6 5. g3 Ne4 6. Bg2 Be7 7. O-O Nd7 8. Nc3
f5 9. Nd2 O-O 10. Ncxe4 fxe4 11. f3 Bf6 12. e3 Bg5 13. Qc3 exf3 14. Nxf3 Bf6
15. Bd2 Re8 16. Qb3 Qb6 17. Bc3 Qxb3 18. axb3 Nb6 19. Ba5 Nd7 20. Bc3 Nb6
1/2-1/2

[Event "SVM_Regionalliga_2023-24"]
[Site "?"]
[Date "2024.01.14"]
[Round "6.6"]
[White "Tbaila, Ralph"]
[Black "Bartl, Dirk"]
[Result "1/2-1/2"]
[WhiteElo "1855"]
[BlackElo "1783"]
[PlyCount "58"]
[EventDate "2024.01.14"]
[SourceDate "2024.01.14"]
[WhiteTeam "SG Kalker/Deutzer 1"]
[BlackTeam "SK Troisdorf 1"]

1. b4 Nf6 2. Bb2 g6 3. c4 Bg7 4. e3 d6 5. Be2 O-O 6. Nf3 e5 7. d3 c6 8. Nc3 Na6
9. a3 Re8 10. Qc2 Nc7 11. O-O h6 12. Rfd1 Qe7 13. h3 g5 14. h4 Nh7 15. hxg5
Nxg5 16. Nxg5 hxg5 17. g4 Be6 18. Kg2 Qd7 19. f3 d5 20. Rh1 f5 21. Rh5 Qe7 22.
Rah1 Bf7 23. R5h3 fxg4 24. fxg4 Bg6 25. e4 Ne6 26. Bc1 dxc4 27. dxc4 Nf4+ 28.
Bxf4 exf4 29. Bf3 Qe5 1/2-1/2

[Event "SVM_Regionalliga_2023-24"]
[Site "?"]
[Date "2024.01.14"]
[Round "6.7"]
[White "Sejdini, Valentin"]
[Black "Asselborn, Jürgen"]
[Result "1/2-1/2"]
[WhiteElo "1750"]
[BlackElo "1859"]
[PlyCount "80"]
[EventDate "2024.01.14"]
[SourceDate "2024.01.14"]
[WhiteTeam "SK Troisdorf 1"]
[BlackTeam "SG Kalker/Deutzer 1"]

1. Nf3 d5 2. d4 Nf6 3. c4 e6 4. Nc3 c6 5. Qc2 Nbd7 6. Bf4 Be7 7. e3 dxc4 8.
Bxc4 Nb6 9. Bd3 Nbd5 10. Bg3 Nb4 11. Qd2 Nxd3+ 12. Qxd3 Nh5 13. Ne5 Nxg3 14.
hxg3 h6 15. f4 Qa5 16. Kf2 Bf6 17. Rh5 Qb6 18. Nc4 Qc7 19. Ne4 Be7 20. Rah1 Bd7
21. Ne5 Rf8 22. Rc1 O-O-O 23. Nc5 Be8 24. b4 Bxc5 25. Rxc5 f6 26. Ng6 Bxg6 27.
Qxg6 Qf7 28. Qc2 Kb8 29. Rh1 Rd5 30. a4 e5 31. Rxd5 Qxd5 32. dxe5 fxe5 33. Rd1
Qe6 34. Qd2 Qe7 35. Qd6+ Qxd6 36. Rxd6 Kc7 37. Rg6 Rf7 38. Ke2 exf4 39. gxf4
Rd7 40. Re6 b6 1/2-1/2

[Event "SVM_Regionalliga_2023-24"]
[Site "?"]
[Date "2024.01.14"]
[Round "6.8"]
[White "Goßmann, Jochen"]
[Black "Kinnert, Dieter"]
[Result "1-0"]
[WhiteElo "1808"]
[BlackElo "1714"]
[PlyCount "87"]
[EventDate "2024.01.14"]
[SourceDate "2024.01.14"]
[WhiteTeam "SG Kalker/Deutzer 1"]
[BlackTeam "SK Troisdorf 1"]

1. b3 e5 2. Bb2 Nc6 3. e3 d6 4. d3 Be6 5. Nf3 Be7 6. c4 Bf6 7. Nbd2 Bf5 8. a3
g6 9. Ne4 Bg7 10. Qc2 Nf6 11. Ng3 Bg4 12. Be2 Qe7 13. h3 Bd7 14. O-O h5 15. b4
h4 16. Ne4 Nxe4 17. dxe4 g5 18. Nh2 Nd8 19. f4 f6 20. f5 O-O 21. Qd1 Be8 22. a4
a5 23. b5 b6 24. Qd5+ Bf7 25. Qxa8 Ne6 26. Qd5 Nd4 27. Qxf7+ Qxf7 28. exd4 Qe7
29. dxe5 fxe5 30. Ng4 Bf6 31. Ne3 Kg7 32. Nd5 Qd8 33. Rfd1 Rg8 34. Bc3 Qc8 35.
Kh1 Bd8 36. Bg4 Bf6 37. Rac1 Qb7 38. c5 dxc5 39. Nxf6 Kxf6 40. Rd5 Re8 41. Rcd1
Re7 42. Rxe5 c6 43. Rxc5+ Kf7 44. Bh5+ 1-0

[Event "SVM_Regionalliga_2023-24"]
[Site "?"]
[Date "2024.01.14"]
[Round "6.1"]
[White "Meirick, Ingo"]
[Black "Alienkin, Aleksander"]
[Result "1/2-1/2"]
[WhiteElo "2181"]
[BlackElo "2288"]
[PlyCount "24"]
[EventDate "2024.01.14"]
[SourceDate "2024.01.14"]
[WhiteTeam "SV Herzogenrath 1"]
[BlackTeam "DJK Aufwärts Aachen 1"]

1. d4 Nf6 2. c4 e6 3. g3 Bb4+ 4. Nd2 O-O 5. Bg2 d6 6. Ngf3 Nbd7 7. O-O Bxd2 8.
Qxd2 e5 9. b3 Re8 10. dxe5 dxe5 11. Qc2 Qe7 12. Bb2 Rb8 1/2-1/2

[Event "SVM_Regionalliga_2023-24"]
[Site "?"]
[Date "2024.01.14"]
[Round "6.2"]
[White "Dardha, Arben"]
[Black "Schreyer, Oliver"]
[Result "1/2-1/2"]
[WhiteElo "2301"]
[BlackElo "2039"]
[PlyCount "28"]
[EventDate "2024.01.14"]
[SourceDate "2024.01.14"]
[WhiteTeam "DJK Aufwärts Aachen 1"]
[BlackTeam "SV Herzogenrath 1"]

1. e4 Nf6 2. e5 Nd5 3. d4 d6 4. c4 Nb6 5. Nf3 g6 6. Be2 Bg7 7. O-O Bg4 8. exd6
cxd6 9. b3 Nc6 10. Bb2 d5 11. Ne5 Bxe2 12. Qxe2 O-O 13. Na3 e6 14. Rac1 Rc8
1/2-1/2

[Event "SVM_Regionalliga_2023-24"]
[Site "?"]
[Date "2024.01.14"]
[Round "6.3"]
[White "Zappel, Marius"]
[Black "Hoffmann, Max"]
[Result "0-1"]
[WhiteElo "2055"]
[BlackElo "2169"]
[PlyCount "138"]
[EventDate "2024.01.14"]
[SourceDate "2024.01.14"]
[WhiteTeam "SV Herzogenrath 1"]
[BlackTeam "DJK Aufwärts Aachen 1"]

1. e4 c5 2. Nc3 Nc6 3. g3 g6 4. Bg2 Bg7 5. d3 e6 6. Be3 d6 7. Qd2 Rb8 8. a4 a6
9. Nge2 Nd4 10. Nd1 e5 11. O-O Nf6 12. h3 Bxh3 13. Nxd4 Bxg2 14. Ne6 fxe6 15.
Kxg2 O-O 16. b4 cxb4 17. Qxb4 d5 18. Bc5 Rf7 19. a5 Bf8 20. Bxf8 Qxf8 21. Rb1
Qxb4 22. Rxb4 dxe4 23. dxe4 Rd8 24. Ne3 Rd4 25. Rfb1 Nxe4 26. Ng4 Kg7 27. Rxb7
Nd6 28. Rxf7+ Nxf7 29. Ne3 Ra4 30. Rb7 Kf6 31. f3 h5 32. g4 Rxa5 33. Rb6 Ng5
34. c4 Ra2+ 35. Kg3 h4+ 36. Kxh4 Nxf3+ 37. Kg3 Nd4 38. Kh4 g5+ 39. Kg3 Ra3 40.
Kf2 e4 41. c5 Ra5 42. Rd6 Ra2+ 43. Kf1 Ra1+ 44. Kf2 Nb5 45. Rb6 Rc1 46. Rxa6
Nd4 47. Ra4 Ke5 48. Nc4+ Kf4 49. Ne3 Nb3 50. Ra8 Nxc5 51. Rf8+ Ke5 52. Rg8 Kf6
53. Rf8+ Kg7 54. Ra8 Nd3+ 55. Ke2 Re1+ 56. Kd2 Rg1 57. Ke2 Kf6 58. Rf8+ Ke5 59.
Nc4+ Kd4 60. Ne3 Re1+ 61. Kd2 Rh1 62. Nc2+ Ke5 63. Ne3 Nf4 64. Kc3 Nd5+ 65.
Nxd5 Rh3+ 66. Kd2 exd5 67. Rf5+ Kd4 68. Rxg5 Rh2+ 69. Kd1 e3 0-1